[Event "IV Festival A"]
[Site "Lido degli Estensi - Comacchio ITA"]
[Date "2003.06.06"]
[Round "1"]
[White "Borgo, Giulio"]
[Black "Dubois, Martine"]
[Result "1-0"]
[WhiteElo "2425"]
[BlackElo "2029"]
[PlyCount "81"]
[EventDate "2003.06.06"]

1. c4 c5 2. Nf3 Nc6 3. d4 cxd4 4. Nxd4 Nf6 5. Nc3 g6 6. e4 Bg7 7. Nc2 O-O 8.
Be2 d6 9. O-O b6 10. Bg5 h6 11. Be3 Kh7 12. f4 Bb7 13. Bf3 Nd7 14. Qd2 Rc8 15.
Rac1 Ba8 16. Rfd1 Na5 17. b3 Bxc3 18. Qxc3 b5 19. Bxa7 bxc4 20. b4 Nc6 21. Bf2
Nb6 22. Qe3 Nd7 23. a4 Rb8 24. Qc3 Qc8 25. b5 Nd8 26. Nb4 Ne6 27. Na6 Nxf4 28.
Nxb8 Qxb8 29. Qd2 Nd3 30. Rxc4 N7e5 31. Rc3 Nxf3+ 32. gxf3 Nxf2 33. Qxf2 f5 34.
e5 f4 35. exd6 exd6 36. Rdc1 h5 37. Rc7+ Kh6 38. h4 Qd8 39. b6 Bxf3 40. Rc8 Qd7
41. Rxf8 1-0

[Event "IV Festival A"]
[Site "Lido degli Estensi - Comacchio ITA"]
[Date "2003.06.06"]
[Round "1"]
[White "Bukal, Vladimir sr"]
[Black "Gandolfi, Gianfranco"]
[Result "1-0"]
[WhiteElo "2414"]
[BlackElo "2013"]
[PlyCount "35"]
[EventDate "2003.06.06"]

1. c4 e6 2. d4 Nf6 3. Nc3 c5 4. d5 exd5 5. cxd5 d6 6. Nf3 g6 7. Bg5 Bg7 8. e3
a6 9. a4 Bg4 10. Be2 Nbd7 11. O-O O-O 12. Nd2 Bxe2 13. Qxe2 Qc7 14. Rfc1 h6 15.
Bh4 Rae8 16. h3 Nb6 17. Qf3 Qd7 18. Bxf6 1-0

[Event "IV Festival A"]
[Site "Lido degli Estensi - Comacchio ITA"]
[Date "2003.06.06"]
[Round "1"]
[White "Cavatorta, Fosco"]
[Black "Mantovani, Renzo"]
[Result "0-1"]
[WhiteElo "1887"]
[BlackElo "2353"]
[PlyCount "74"]
[EventDate "2003.06.06"]

1. e4 c5 2. Nc3 Nc6 3. g3 g6 4. Bg2 Bg7 5. d3 d6 6. f4 Rb8 7. Nf3 b5 8. O-O Nf6
9. Kh1 b4 10. Ne2 a5 11. c3 O-O 12. Be3 Ba6 13. Nh4 bxc3 14. bxc3 Rb2 15. h3
Qd7 16. Rf2 Rfb8 17. Bc1 R2b6 18. Ba3 Ne8 19. Qd2 Nb4 20. Rf3 Qa4 21. Bxb4 axb4
22. Rc1 bxc3 23. Nxc3 Qa5 24. Rc2 Nc7 25. Rf2 Bd4 26. Re2 Rb1+ 27. Nd1 Qxd2 28.
Rexd2 Be3 29. Kh2 Bxd2 30. Rxd2 Nb5 31. Ne3 Nd4 32. Nd5 R1b2 33. Rxb2 Rxb2 34.
Nxe7+ Kf8 35. Nd5 Bxd3 36. e5 dxe5 37. fxe5 g5 0-1

[Event "IV Festival A"]
[Site "Lido degli Estensi - Comacchio ITA"]
[Date "2003.06.06"]
[Round "1"]
[White "Cetkovic, Sergio"]
[Black "Rotstein, Arkadij"]
[Result "0-1"]
[WhiteElo "2115"]
[BlackElo "2514"]
[PlyCount "66"]
[EventDate "2003.06.06"]

1. d4 Nf6 2. Nf3 c5 3. c3 e6 4. Bg5 Be7 5. e3 b6 6. Nbd2 Bb7 7. Bd3 Nc6 8. O-O
O-O 9. Qe2 cxd4 10. exd4 Nd5 11. Ne4 f5 12. Nd6 Bxg5 13. Nxb7 Qe7 14. Nxg5 Qxg5
15. Nd6 Rf6 16. Qf3 Raf8 17. Rfe1 Rh6 18. Qg3 Qf6 19. f4 Rg6 20. Qf2 Rg4 21. g3
Nxf4 22. Bf1 Nd5 23. Bh3 Rg6 24. Bg2 f4 25. Bxd5 exd5 26. Nb5 fxg3 27. Qxf6
gxh2+ 28. Kxh2 Rgxf6 29. Rab1 Rh6+ 30. Kg3 Rg6+ 31. Kh3 Rf3+ 32. Kh4 Rgg3 33.
Re8+ Kf7 0-1

[Event "IV Festival A"]
[Site "Lido degli Estensi - Comacchio ITA"]
[Date "2003.06.06"]
[Round "1"]
[White "Cioara, Andrei Nestor"]
[Black "Puliatti, Carlo"]
[Result "1-0"]
[WhiteElo "2386"]
[BlackElo "1957"]
[PlyCount "43"]
[EventDate "2003.06.06"]

1. e4 d5 2. exd5 Qxd5 3. Nc3 Qa5 4. d4 Nf6 5. Nf3 Bf5 6. Bc4 e6 7. Bd2 c6 8.
Qe2 Bb4 9. O-O-O Nbd7 10. a3 Bxc3 11. Bxc3 Qc7 12. Ne5 Nxe5 13. dxe5 Nd5 14.
Bd2 O-O 15. g4 Bg6 16. h4 b5 17. Ba2 h6 18. h5 Bh7 19. g5 hxg5 20. h6 Nf4 21.
Bxf4 gxf4 22. Qg4 1-0

[Event "IV Festival A"]
[Site "Lido degli Estensi - Comacchio ITA"]
[Date "2003.06.06"]
[Round "1"]
[White "Crippa, Gabriele"]
[Black "Cebalo, Miso"]
[Result "0-1"]
[WhiteElo "2120"]
[BlackElo "2524"]
[PlyCount "30"]
[EventDate "2003.06.06"]

1. d4 Nf6 2. Nf3 g6 3. Bf4 Bg7 4. e3 O-O 5. h3 c5 6. c3 b6 7. Be2 Ba6 8. Bxa6
Nxa6 9. a4 d6 10. O-O Qc8 11. Qe2 Qb7 12. Na3 Nc7 13. Rfe1 Ne4 14. Nd2 e5 15.
Qf3 d5 0-1

[Event "IV Festival A"]
[Site "Lido degli Estensi - Comacchio ITA"]
[Date "2003.06.06"]
[Round "1"]
[White "De Marco, Walter"]
[Black "Chabanon, Jean-Luc"]
[Result "0-1"]
[WhiteElo "2096"]
[BlackElo "2492"]
[PlyCount "66"]
[EventDate "2003.06.06"]

1. Nf3 Nf6 2. b3 d6 3. d4 c6 4. e3 g6 5. Bd3 Bg7 6. Nbd2 O-O 7. Bb2 Nbd7 8. O-O
b5 9. c4 a6 10. Qc2 Bb7 11. c5 Nd5 12. a3 dxc5 13. Ne4 cxd4 14. Nxd4 c5 15. Nf3
e5 16. Be2 Qe7 17. Ne1 f5 18. Nc3 N5b6 19. g3 e4 20. Ng2 g5 21. Rfd1 Ne5 22.
Rd2 Nf3+ 23. Bxf3 exf3 24. Ne1 b4 25. Na4 Nxa4 26. bxa4 Be4 27. Qb3+ Qf7 28.
Qxf7+ Rxf7 29. axb4 cxb4 30. a5 Bc3 31. Bxc3 bxc3 32. Rda2 Rd7 33. Nc2 Rd2 0-1

[Event "IV Festival A"]
[Site "Lido degli Estensi - Comacchio ITA"]
[Date "2003.06.06"]
[Round "1"]
[White "Di Lazzaro, Gabriele"]
[Black "Tomescu, Vlad"]
[Result "0-1"]
[WhiteElo "1996"]
[BlackElo "2412"]
[PlyCount "62"]
[EventDate "2003.06.06"]

1. e4 c5 2. c3 d5 3. exd5 Qxd5 4. d4 Nf6 5. Nf3 Bg4 6. Be2 e6 7. O-O Nc6 8. Na3
cxd4 9. Nb5 Qd7 10. Nbxd4 Nxd4 11. Nxd4 Bxe2 12. Qxe2 a6 13. Rd1 Qc7 14. Bg5
Be7 15. Bh4 Rc8 16. Bg3 Qc4 17. Qf3 Qd5 18. Qe2 Qe4 19. Qd2 O-O 20. Re1 Qd5 21.
Qe2 Rfd8 22. a3 Qh5 23. f3 Bc5 24. Bf2 Nd5 25. Qe4 Qg6 26. Qxg6 hxg6 27. g3 Nb6
28. b3 Nd5 29. Ne2 Nxc3 30. Bxc5 Rxc5 31. Nxc3 Rxc3 0-1

[Event "IV Festival A"]
[Site "Lido degli Estensi - Comacchio ITA"]
[Date "2003.06.06"]
[Round "1"]
[White "Drasko, Milan"]
[Black "Ori, Marco"]
[Result "1-0"]
[WhiteElo "2491"]
[BlackElo "2077"]
[PlyCount "81"]
[EventDate "2003.06.06"]

1. d4 Nf6 2. c4 g6 3. Nf3 Bg7 4. g3 d5 5. Bg2 O-O 6. O-O dxc4 7. Na3 c6 8. Nxc4
Be6 9. b3 Bd5 10. Bb2 Nbd7 11. Rc1 Re8 12. e3 a5 13. a3 Nb6 14. Nfd2 Bxg2 15.
Kxg2 Nfd7 16. Qc2 e5 17. Nd6 Re6 18. Nxb7 Qc7 19. Nc5 Nxc5 20. dxc5 Nd7 21. Ne4
Bf8 22. Rfd1 Be7 23. Qc4 Rb8 24. Bc3 Rb5 25. b4 axb4 26. axb4 h6 27. Ra1 Nf6
28. Ra8+ Kh7 29. Nxf6+ Bxf6 30. e4 Kg7 31. Qa2 h5 32. Qa6 Rb7 33. h3 h4 34. g4
Bg5 35. Rd6 Bf4 36. Rxe6 fxe6 37. b5 Qe7 38. bxc6 Rc7 39. Ba5 Qxc5 40. Bxc7 Qc2
41. Qa4 1-0

[Event "IV Festival A"]
[Site "Lido degli Estensi - Comacchio ITA"]
[Date "2003.06.06"]
[Round "1"]
[White "Emami, Madjid"]
[Black "Naumkin, Igor"]
[Result "0-1"]
[WhiteElo "2031"]
[BlackElo "2431"]
[PlyCount "56"]
[EventDate "2003.06.06"]

1. Nf3 Nf6 2. g3 d5 3. Bg2 c5 4. O-O Nc6 5. d3 e5 6. e4 d4 7. c3 Be7 8. a3 a5
9. a4 O-O 10. Na3 Bg4 11. Nc4 Nd7 12. Qb3 Rb8 13. h3 Bh5 14. Re1 Kh8 15. Nh2
Bg6 16. f4 f5 17. Nf3 fxe4 18. dxe4 Bf7 19. Qb5 Na7 20. Qb3 Bg8 21. Bf1 Qc7 22.
Qc2 exf4 23. gxf4 Nc6 24. e5 Bd5 25. Nh2 Bh4 26. Rd1 Bg3 27. Nd6 Ndxe5 28. cxd4
Bxh2+ 0-1

[Event "IV Festival A"]
[Site "Lido degli Estensi - Comacchio ITA"]
[Date "2003.06.06"]
[Round "1"]
[White "Gardini, Enrico"]
[Black "Astengo, Corrado"]
[Result "1/2-1/2"]
[WhiteElo "1560"]
[BlackElo "2165"]
[PlyCount "50"]
[EventDate "2003.06.06"]

1. e4 c5 2. Nf3 d6 3. d4 cxd4 4. Nxd4 Nf6 5. Nc3 a6 6. Be2 e5 7. Nb3 Be7 8. O-O
Be6 9. Be3 Nbd7 10. f4 Qc7 11. Rc1 b5 12. Nd5 Bxd5 13. exd5 Nb6 14. fxe5 dxe5
15. Rxf6 Bxf6 16. d6 Qd8 17. Nc5 O-O 18. Nb7 Qc8 19. Bf3 Nc4 20. Bc5 Qd7 21. b3
Rab8 22. Qd5 Nd2 23. Qxd2 Rxb7 24. Bxb7 Qxb7 25. Rd1 Qd7 1/2-1/2

[Event "IV Festival A"]
[Site "Lido degli Estensi - Comacchio ITA"]
[Date "2003.06.06"]
[Round "1"]
[White "Golod, Vitali"]
[Black "Bonafede, Alessandro"]
[Result "1-0"]
[WhiteElo "2538"]
[BlackElo "2123"]
[PlyCount "59"]
[EventDate "2003.06.06"]

1. d4 Nf6 2. c4 e6 3. Nc3 Bb4 4. Qc2 c5 5. dxc5 Na6 6. a3 Bxc5 7. Nf3 O-O 8. b4
Be7 9. e4 d6 10. Be2 Bd7 11. O-O Nc7 12. Rd1 Qc8 13. e5 dxe5 14. Nxe5 Be8 15.
Bg5 h6 16. Bh4 Nfd5 17. cxd5 Bxh4 18. Qe4 Bf6 19. d6 Nd5 20. Nxd5 exd5 21. Rxd5
Bc6 22. Bd3 g6 23. Nxg6 fxg6 24. Qxg6+ Bg7 25. Qh7+ Kf7 26. Re1 Re8 27. Rf5+
Qxf5 28. Qxf5+ Kg8 29. Re7 Rxe7 30. dxe7 1-0

[Event "IV Festival A"]
[Site "Lido degli Estensi - Comacchio ITA"]
[Date "2003.06.06"]
[Round "1"]
[White "Grigore, Nicolae Petre"]
[Black "Del Vecchio, Gastone"]
[Result "1-0"]
[WhiteElo "2370"]
[BlackElo "1889"]
[PlyCount "55"]
[EventDate "2003.06.06"]

1. e4 c5 2. Nf3 d6 3. c3 Nf6 4. g3 Nc6 5. d3 Rb8 6. Bg2 e6 7. O-O Be7 8. Ne1 e5
9. Na3 b5 10. Nac2 a5 11. Ne3 g6 12. f4 exf4 13. gxf4 Qb6 14. Nf3 O-O 15. Qe1
c4 16. d4 Bd8 17. e5 dxe5 18. fxe5 Nh5 19. Nd5 Qa7 20. Bh6 Re8 21. Qf2 Ne7 22.
Nh4 Nf5 23. Nxf5 Bxf5 24. Ne3 Bd3 25. Bd5 Re7 26. Ng4 Rd7 27. e6 Bxf1 28. Rxf1
1-0

[Event "IV Festival A"]
[Site "Lido degli Estensi - Comacchio ITA"]
[Date "2003.06.06"]
[Round "1"]
[White "Khenkin, Igor"]
[Black "Bonetti, Marco"]
[Result "1-0"]
[WhiteElo "2644"]
[BlackElo "2148"]
[PlyCount "63"]
[EventDate "2003.06.06"]

1. d4 Nf6 2. c4 g6 3. Nc3 Bg7 4. e4 d6 5. f3 e5 6. Nge2 Nh5 7. Be3 O-O 8. Qd2
f5 9. O-O-O f4 10. Bf2 Nc6 11. d5 Ne7 12. c5 Bd7 13. Kb1 g5 14. g4 Nf6 15. h4
h6 16. Nc1 a6 17. Nb3 Rb8 18. hxg5 hxg5 19. Na5 Ne8 20. Nxb7 Rxb7 21. c6 Rb4
22. cxd7 Qxd7 23. Bxa6 Nf6 24. a3 Rb3 25. Bc4 Rb7 26. a4 Rfb8 27. Bb5 Qc8 28.
Qe2 Ne8 29. Rd2 Qd8 30. a5 Ra8 31. a6 Rbb8 32. Qc4 1-0

[Event "IV Festival A"]
[Site "Lido degli Estensi - Comacchio ITA"]
[Date "2003.06.06"]
[Round "1"]
[White "Lazic, Miroljub"]
[Black "Birens, Eric-Andre'"]
[Result "1-0"]
[WhiteElo "2508"]
[BlackElo "2104"]
[PlyCount "89"]
[EventDate "2003.06.06"]

1. g3 e5 2. Bg2 Nc6 3. c4 g6 4. Nc3 Bg7 5. e3 d6 6. Nge2 h5 7. h3 h4 8. g4 f5
9. gxf5 Bxf5 10. d3 Nge7 11. e4 Be6 12. Nd5 Qd7 13. Bg5 Bxd5 14. cxd5 Nd8 15.
Bf3 Nf7 16. Bg4 Qb5 17. Be3 Bh6 18. Qd2 Bxe3 19. Qxe3 Qb4+ 20. Kf1 c6 21. dxc6
bxc6 22. Kg2 d5 23. a3 Qd6 24. f4 exf4 25. Nxf4 dxe4 26. Qxe4 g5 27. Nh5 Kf8
28. Rhf1 Rb8 29. Rf2 Ng6 30. Raf1 Rb7 31. Rf6 Rxb2+ 32. Be2 Rxe2+ 33. Qxe2 Qd5+
34. Kh2 Nf4 35. Nxf4 gxf4 36. R1xf4 Rh7 37. Qc2 Rg7 38. Qc4 Qxc4 39. dxc4 Ke8
40. Rxc6 Ng5 41. Rcf6 Ke7 42. c5 Ne6 43. Rf2 Rg3 44. Rh6 Rc3 45. Rxh4 1-0

[Event "IV Festival A"]
[Site "Lido degli Estensi - Comacchio ITA"]
[Date "2003.06.06"]
[Round "1"]
[White "Pircher, Karl"]
[Black "Ortega, Lexy"]
[Result "0-1"]
[WhiteElo "2058"]
[BlackElo "2448"]
[PlyCount "56"]
[EventDate "2003.06.06"]

1. d4 e6 2. c4 Bb4+ 3. Bd2 Qe7 4. Nf3 f5 5. g3 Nf6 6. a3 Bxd2+ 7. Nbxd2 d6 8.
Bg2 e5 9. d5 O-O 10. e3 a5 11. b4 c6 12. dxc6 Nxc6 13. b5 Nd8 14. O-O Ne6 15.
a4 Kh8 16. Rc1 Nc5 17. Nb1 Be6 18. Nfd2 e4 19. Rc3 Nfd7 20. Qc2 Nb6 21. Ra3
Rfc8 22. Rd1 Nd3 23. Rc3 d5 24. Na3 dxc4 25. Naxc4 Nxc4 26. Nxc4 Qc5 27. Bf1
Bxc4 28. Bxd3 Bxd3 0-1

[Event "IV Festival A"]
[Site "Lido degli Estensi - Comacchio ITA"]
[Date "2003.06.06"]
[Round "1"]
[White "Ricci, Alfredo"]
[Black "Roeder, Matthias"]
[Result "0-1"]
[WhiteElo "2053"]
[BlackElo "2447"]
[PlyCount "88"]
[EventDate "2003.06.06"]

1. e4 c5 2. Nf3 d6 3. d4 cxd4 4. Nxd4 Nf6 5. Nc3 a6 6. Bc4 e6 7. Bb3 b5 8. Bg5
Be7 9. Qd3 Qb6 10. O-O Nbd7 11. Bxf6 Bxf6 12. Nxe6 fxe6 13. Bxe6 Nc5 14. Qd5
Bb7 15. Qf5 Bxc3 16. Qf7+ Kd8 17. bxc3 Qc7 18. Qf5 Bxe4 19. Qh3 Nxe6 20. Qxe6
Re8 21. Qg4 Qd7 22. Qg3 Re6 23. f3 Bg6 24. c4 Rc8 25. cxb5 axb5 26. a4 bxa4 27.
Qh4+ Ke8 28. Rxa4 Kf8 29. Qd4 Qc6 30. Kh1 Qc5 31. Qa1 Qc3 32. Rf4+ Rf6 33.
Rxf6+ Qxf6 34. Qa6 Rd8 35. Qc6 Qe5 36. Qc7 Re8 37. h3 Qc5 38. Qd7 Bf5 39. Qb7
Qxc2 40. Qb4 Qc5 41. Qb2 d5 42. Rc1 Qd6 43. Rd1 d4 44. f4 d3 0-1

[Event "IV Festival A"]
[Site "Lido degli Estensi - Comacchio ITA"]
[Date "2003.06.06"]
[Round "1"]
[White "Roversi, Stefano"]
[Black "Sarno, Spartaco"]
[Result "0-1"]
[WhiteElo "2015"]
[BlackElo "2425"]
[PlyCount "46"]
[EventDate "2003.06.06"]

1. e4 d6 2. d4 Nf6 3. Nc3 g6 4. f4 Bg7 5. Nf3 O-O 6. Be2 c5 7. O-O Na6 8. e5
Ng4 9. Ne4 cxd4 10. exd6 Nb4 11. dxe7 Qxe7 12. Ng3 Ne3 13. Bxe3 Qxe3+ 14. Kh1
Qxf4 15. Nxd4 Qxd4 16. Qxd4 Bxd4 17. c3 Nc2 18. cxd4 Nxa1 19. Rxa1 Rd8 20. Rd1
Be6 21. b3 Rac8 22. Bf3 Bd5 23. Bxd5 Rxd5 0-1

[Event "IV Festival A"]
[Site "Lido degli Estensi - Comacchio ITA"]
[Date "2003.06.06"]
[Round "1"]
[White "Straub, Peter"]
[Black "Miladinovic, Igor"]
[Result "0-1"]
[WhiteElo "2123"]
[BlackElo "2533"]
[PlyCount "54"]
[EventDate "2003.06.06"]

1. e4 c5 2. Nf3 Nc6 3. d4 cxd4 4. Nxd4 Qc7 5. Nc3 e6 6. Be3 a6 7. Be2 Nf6 8.
O-O Bb4 9. Bf3 Ne5 10. Bf4 d6 11. Bxe5 dxe5 12. Nde2 O-O 13. a3 Be7 14. g3 b5
15. Nc1 Bb7 16. Nd3 Rfd8 17. Qe2 Rd4 18. Bg2 Rad8 19. f4 exf4 20. gxf4 Bxa3 21.
e5 Bxb2 22. Nxb2 Rd2 23. Bxb7 Rxe2 24. Nxe2 Qb6+ 25. Kh1 Qxb7+ 26. Kg1 Rd2 27.
Rad1 Qb6+ 0-1

[Event "IV Festival A"]
[Site "Lido degli Estensi - Comacchio ITA"]
[Date "2003.06.06"]
[Round "1"]
[White "Tocco, Paolo"]
[Black "Pavlovic, Milos"]
[Result "0-1"]
[WhiteElo "2144"]
[BlackElo "2570"]
[PlyCount "48"]
[EventDate "2003.06.06"]

1. d4 Nf6 2. Nc3 d5 3. e4 dxe4 4. f3 exf3 5. Nxf3 g6 6. Bc4 Bg7 7. O-O O-O 8.
Qe1 Bg4 9. Qh4 c5 10. dxc5 Nc6 11. Be3 Bxf3 12. Rxf3 Ne5 13. Rh3 h5 14. Be2
Neg4 15. Rd1 Qc8 16. Bxg4 Nxg4 17. Nd5 Bf6 18. Nxe7+ Bxe7 19. Qxe7 Re8 20. Qg5
Qe6 21. Rd6 Qe4 22. Rd3 Re5 23. Qh4 Rae8 24. Qe1 Qf4 0-1

[Event "IV Festival A"]
[Site "Lido degli Estensi - Comacchio ITA"]
[Date "2003.06.06"]
[Round "1"]
[White "Tomba, Ivan"]
[Black "Felgaer Ziegler, Ruben"]
[Result "1/2-1/2"]
[WhiteElo "2131"]
[BlackElo "2547"]
[PlyCount "93"]
[EventDate "2003.06.06"]

1. e4 c5 2. Nf3 Nc6 3. d4 cxd4 4. Nxd4 g6 5. c4 Bg7 6. Be3 Nf6 7. Nc3 O-O 8.
Be2 d6 9. O-O Bd7 10. Qd2 Nxd4 11. Bxd4 Bc6 12. f3 a5 13. b3 Nd7 14. Rac1 Bxd4+
15. Qxd4 Nc5 16. Rfd1 Qb6 17. Rb1 Qb4 18. Nd5 Bxd5 19. cxd5 Rfc8 20. Qb2 a4 21.
Rd4 Qb6 22. bxa4 Qc7 23. Qb6 Nxa4 24. Qxc7 Rxc7 25. Rc4 Rxc4 26. Bxc4 Nc5 27.
Rb5 Ra4 28. Bb3 Rd4 29. Kf2 Rd2+ 30. Kg3 f6 31. h4 Kf7 32. Ra5 h5 33. Bc4 Rc2
34. Bb5 g5 35. Ra8 gxh4+ 36. Kxh4 Rxg2 37. Be8+ Kg7 38. Bxh5 Rh2+ 39. Kg4 Nd7
40. Be8 Ne5+ 41. Kf5 Nxf3 42. Ke6 f5 43. exf5 Re2+ 44. Kd7 Kf6 45. Kc7 Rb2 46.
Bd7 Nd4 47. a4 1/2-1/2

[Event "IV Festival A"]
[Site "Lido degli Estensi - Comacchio ITA"]
[Date "2003.06.06"]
[Round "1"]
[White "Wohl, Aleksandar H."]
[Black "Sautto, Alessandra"]
[Result "1-0"]
[WhiteElo "2401"]
[BlackElo "1993"]
[PlyCount "52"]
[EventDate "2003.06.06"]

1. Nf3 Nf6 2. c4 e6 3. b3 d5 4. Bb2 Be7 5. e3 c5 6. cxd5 exd5 7. Bb5+ Bd7 8.
Be2 Nc6 9. O-O O-O 10. d4 cxd4 11. Nxd4 Rc8 12. Nc3 Nxd4 13. Qxd4 Bc5 14. Qf4
a6 15. Rfd1 Bc6 16. Bf3 Bd6 17. Qg5 h6 18. Qf5 Bd7 19. Qd3 Qc7 20. Nxd5 Nxd5
21. Qxd5 Bxh2+ 22. Kh1 Bc6 23. Qd4 f6 24. Bxc6 bxc6 25. g3 Bxg3 26. Qg4 Bd6 1-0

[Event "IV Festival A"]
[Site "Lido degli Estensi - Comacchio ITA"]
[Date "2003.06.07"]
[Round "2"]
[White "Alberti, Andrea"]
[Black "Bukal, Vladimir sr"]
[Result "0-1"]
[WhiteElo "2174"]
[BlackElo "2414"]
[PlyCount "68"]
[EventDate "2003.06.06"]

1. d4 d5 2. c4 c6 3. e3 Nf6 4. Nf3 a6 5. Qc2 Bg4 6. Be2 e6 7. O-O Nbd7 8. b3
Bd6 9. Bb2 Qb8 10. Nbd2 Bxh2+ 11. Nxh2 Bxe2 12. Rfe1 Bh5 13. Ba3 Bg6 14. Qc3 a5
15. b4 O-O 16. bxa5 Rc8 17. c5 Qc7 18. Bb4 e5 19. f3 Re8 20. Nhf1 Nh5 21. Kf2
exd4 22. exd4 Nf4 23. Re3 Rxe3 24. Nxe3 Nd3+ 25. Kg1 Qg3 26. Ndf1 Qf2+ 27. Kh2
Re8 28. Qd2 Qh4+ 29. Kg1 Qxd4 30. Rb1 Qh4 31. Rb3 N7e5 32. a3 h5 33. Nc2 Nc4
34. Qc3 Qf2+ 0-1

[Event "IV Festival A"]
[Site "Lido degli Estensi - Comacchio ITA"]
[Date "2003.06.07"]
[Round "2"]
[White "Aldrovandi, Antonio"]
[Black "Borgo, Giulio"]
[Result "0-1"]
[WhiteElo "2220"]
[BlackElo "2425"]
[PlyCount "60"]
[EventDate "2003.06.06"]

1. Nf3 d5 2. d4 Nf6 3. c4 c6 4. cxd5 cxd5 5. Nc3 a6 6. e3 Bg4 7. Qb3 Ra7 8. Ne5
Bf5 9. Be2 e6 10. g4 Bg6 11. h4 h5 12. Nxg6 fxg6 13. Qc2 Kf7 14. Bd3 hxg4 15.
Bxg6+ Kg8 16. Bd2 b5 17. a4 b4 18. Na2 Rc7 19. Qd3 a5 20. Rc1 Bd6 21. Rxc7 Bxc7
22. e4 Nc6 23. e5 Bxe5 24. Qa6 Nxd4 25. Be3 Rh6 26. Bxd4 Bxd4 27. Qxe6+ Kh8 28.
O-O g3 29. Rc1 Ng8 30. Rc2 b3 0-1

[Event "IV Festival A"]
[Site "Lido degli Estensi - Comacchio ITA"]
[Date "2003.06.07"]
[Round "2"]
[White "Astengo, Corrado"]
[Black "Kohlweyer, Bernd"]
[Result "0-1"]
[WhiteElo "2165"]
[BlackElo "2454"]
[PlyCount "84"]
[EventDate "2003.06.06"]

1. e4 c5 2. Nf3 d6 3. d4 cxd4 4. Nxd4 Nf6 5. Nc3 a6 6. Bg5 e6 7. f4 Qc7 8. Qf3
b5 9. Bxf6 gxf6 10. e5 fxe5 11. Ndxb5 Qb7 12. Qxb7 Bxb7 13. Nc7+ Ke7 14. Nxa8
Bxa8 15. fxe5 dxe5 16. O-O-O f5 17. Re1 Kf6 18. Be2 Bxg2 19. Rhg1 Bb7 20. Ref1
e4 21. Rg4 Ke5 22. Rh4 Be7 23. Rh5 Nd7 24. Rg1 Bf8 25. Nd1 Nf6 26. Rh4 Nd5 27.
Bc4 Nf4 28. Kb1 h5 29. Rxf4 Kxf4 30. Bxe6 Ke5 31. Bd7 Bh6 32. Rg6 Rh7 33. Re6+
Kf4 34. Be8 Bg5 35. Nf2 Bh4 36. Nd1 Be1 37. c4 Rc7 38. b3 h4 39. Nb2 Ke3 40.
Kc2 Kd4 41. Kd1 Bb4 42. Bg6 f4 0-1

[Event "IV Festival A"]
[Site "Lido degli Estensi - Comacchio ITA"]
[Date "2003.06.07"]
[Round "2"]
[White "Bonetti, Marco"]
[Black "Frilli, Guido"]
[Result "0-1"]
[WhiteElo "2148"]
[BlackElo "1963"]
[PlyCount "71"]
[EventDate "2003.06.06"]

1. e4 c5 2. Nf3 Nc6 3. d4 cxd4 4. Nxd4 Nf6 5. Nc3 e5 6. Ndb5 d6 7. Bg5 a6 8.
Bxf6 gxf6 9. Na3 b5 10. Nd5 f5 11. Bd3 Be6 12. c3 Bg7 13. Qh5 Rc8 14. Nc2 h6
15. f4 O-O 16. g4 fxe4 17. g5 hxg5 18. Bxe4 f5 19. fxg5 fxe4 20. Nf6+ Rxf6 21.
gxf6 Qxf6 22. Rf1 Qe7 23. O-O-O Rf8 24. Rg1 Bd7 25. Rg3 Rf5 26. Qh6 Rf6 27. Qg5
Re6 28. Qh5 Be8 29. Qh3 Rg6 30. Rxg6 Bxg6 31. Qc8+ Be8 32. Rg1 a5 33. Ne3 Qd7
34. Qa8 Kf7 35. Nd5 Bh6+ 36. Kc2 0-1

[Event "IV Festival A"]
[Site "Lido degli Estensi - Comacchio ITA"]
[Date "2003.06.07"]
[Round "2"]
[White "Brumen, Dinko"]
[Black "Blagojevic, Dragisa"]
[Result "1-0"]
[WhiteElo "2371"]
[BlackElo "2548"]
[PlyCount "97"]
[EventDate "2003.06.06"]

1. d4 d5 2. Nf3 Nf6 3. c4 c6 4. Nc3 e6 5. Bg5 h6 6. Bxf6 Qxf6 7. e3 Bd6 8. Be2
Qe7 9. O-O Nd7 10. e4 dxe4 11. Nxe4 Bc7 12. Bd3 O-O 13. Re1 Rd8 14. Qc2 Nf8 15.
Ng3 Bd7 16. Rad1 Be8 17. Qb3 a5 18. Bb1 f6 19. d5 a4 20. Qe3 Bxg3 21. hxg3 Bh5
22. d6 Qf7 23. c5 b6 24. cxb6 Qb7 25. Qc5 Bxf3 26. gxf3 Ra6 27. Re4 Rxb6 28.
Rxa4 Rxb2 29. Be4 Qb6 30. Qxb6 Rxb6 31. Rc4 c5 32. Rxc5 Rbxd6 33. Rxd6 Rxd6 34.
a4 Rd1+ 35. Kg2 Ra1 36. a5 f5 37. Bd3 Nd7 38. Rc8+ Kh7 39. a6 Ra5 40. f4 Nc5
41. Bc4 Kg6 42. a7 Rxa7 43. Rxc5 Kf6 44. Rc6 Re7 45. Kf3 g6 46. Ke3 Re8 47. Rd6
g5 48. Kd4 Re7 49. Rd8 1-0

[Event "IV Festival A"]
[Site "Lido degli Estensi - Comacchio ITA"]
[Date "2003.06.07"]
[Round "2"]
[White "Bukal, Vladimir jr"]
[Black "Khenkin, Igor"]
[Result "1/2-1/2"]
[WhiteElo "2396"]
[BlackElo "2644"]
[PlyCount "55"]
[EventDate "2003.06.06"]

1. d4 d5 2. c4 e6 3. Nf3 Nf6 4. Nc3 c6 5. Bg5 h6 6. Bh4 dxc4 7. e3 b5 8. a4 Bb4
9. Nd2 Bb7 10. Qf3 a6 11. axb5 axb5 12. Rxa8 Bxa8 13. Bxf6 Qxf6 14. Be2 Qg6 15.
O-O Qc2 16. Nde4 O-O 17. Ra1 Qxb2 18. Rxa8 Bxc3 19. Ra7 Bb4 20. h3 c3 21. Bd3
c2 22. Nf6+ gxf6 23. Qg3+ Kh8 24. Qf4 c1=Q+ 25. Kh2 Kg7 26. Qg3+ Kh8 27. Qf4
Kg7 28. Qg3+ 1/2-1/2

[Event "IV Festival A"]
[Site "Lido degli Estensi - Comacchio ITA"]
[Date "2003.06.07"]
[Round "2"]
[White "Cebalo, Miso"]
[Black "Mozes, Ervin"]
[Result "1/2-1/2"]
[WhiteElo "2524"]
[BlackElo "2345"]
[PlyCount "101"]
[EventDate "2003.06.06"]

1. d4 d6 2. Nf3 Nf6 3. c4 Nbd7 4. Nc3 e5 5. e4 Be7 6. Be2 O-O 7. O-O c6 8. Rb1
a5 9. Re1 Re8 10. Bf1 h6 11. h3 Nf8 12. d5 N6h7 13. dxc6 bxc6 14. c5 Ne6 15.
cxd6 Bxd6 16. Be3 Nhg5 17. Nxg5 Nxg5 18. Bc4 Ne6 19. Qf3 Qe7 20. Red1 Bc5 21.
Bxe6 Bxe6 22. Bxc5 Qxc5 23. Rbc1 Qb4 24. b3 Red8 25. Na4 Rxd1+ 26. Rxd1 c5 27.
Qe3 Rc8 28. Kh2 c4 29. Nb6 Re8 30. bxc4 Bxc4 31. Nxc4 Qxc4 32. a3 a4 33. Rd5 f5
34. f3 fxe4 35. fxe4 Qc6 36. Qg3 Qc7 37. Qg6 Qf7 38. Qxf7+ Kxf7 39. Ra5 Rb8 40.
Rxa4 Rb3 41. Kg1 h5 42. h4 Rb1+ 43. Kf2 Rb2+ 44. Ke3 Rb3+ 45. Kf2 Rb2+ 46. Kg3
Rb3+ 47. Kh2 Re3 48. Kg1 Rb3 49. Ra7+ Kf6 50. Kf2 Rb2+ 51. Kf3 1/2-1/2